000 00712nas a2200229 4500
001 BR9101365
003 BR-BrBNA
005 20231205092000.0
007 ta
008 230509b bl.|||p| |||| 00| 00por d
040 _aBR-BrBNA
_bpor
_cBiblioteca Nacional de Agricultura
041 _a(Pt)
072 _aF01
100 1 _aButignol, C.A.
100 1 _aReis, M.S. dos
245 1 _aReducoes na producao de batateira desfolhada artificialmente em quatro idades
650 _aBATATA
650 _aDESFOLHA ARTIFICIAL
773 0 _tPesquisa Agropecuaria Brasileira (Brazil)
_xISSN 0100-204X
_g(Sep 1989), v. 24(9) p. 1175-1180
_wBR9101365
909 _a202311
_bLúcia
_c55
_dLúcia Elande
942 _2AGRIS
_n0
_cANA
999 _c128525
_d128525